Arabic grammar of the written language /

Saved in:

Main Author: Thatcher, G.W. 1863-1950 (Author)

Format: Book

Language: English
Arabic

Published: Sydney, Australia : F. Ungar, [1910?]

Subjects:

Tags: Add Tag

No Tags, Be the first to tag this record!

Call Number: PJ6307 .T36 1910

LEADER 01158nam a2200325Ia 4500
001 8949
003 OSt
005 20200513083229.0
008 130303q1910 at g 001 0 eng d
952 |0 0  |1 0  |2 lcc  |4 0  |6 PJ6307 T36 01910  |7 1  |9 2144  |a ARCE  |b ARCE  |d 2020-05-13  |l 0  |o PJ6307 .T36 1910  |p 1017799  |r 2020-05-13 00:00:00  |w 2020-05-13  |y BK 
999 |c 4188  |d 4188 
035 |a ocm10890720 
040 |c ARCE Library 
041 0 |a eng  |a ara 
050 0 4 |a PJ6307 .T36 1910 
100 1 |a Thatcher, G.W.  |q (Griffithes Wheeler),  |d 1863-1950,  |e author  |9 41014 
245 1 0 |a Arabic grammar of the written language /  |c by G. W. Thatcher. 
264 1 |a Sydney, Australia :  |b F. Ungar,  |c [1910?] 
300 |a vii, 461 pages ;  |c 20 cm. 
336 |a text  |b txt  |2 rdacontent 
337 |a unmediated  |b n  |2 rdamedia 
338 |a volume  |b nc  |2 rdacarrier 
500 |a Includes index. 
650 0 |a Arabic language  |x Grammar. 
901 |a reviewed 
907 |a .b24432635  |b 02-04-08  |c 01-30-08 
942 |c BK  |2 lcc 
945 |a PJ6307 .T36 1910  |g 1  |i mq243734  |l 1arce  |o z  |p $0.00  |q    |r    |s w  |t 0  |u 0  |v 0  |w 0  |x 0  |y .i31508133  |z 02-04-08 
949 |a PJ6307 .T36 1910  |c arcesim 
998 |b 01-30-08  |c m  |d -  |i 1